Art - General Knowledge #3 - Statistics

General Stats
  • This quiz has been taken 228 times
  • The average score is 8 of 15
Answer Stats
Hint Answer % Correct
Painted 'The Starry Night' Vincent van Gogh
95%
Painted 'The Last Supper' Leonardo da Vinci
88%
Sculptor of 'David' Michelangelo
86%
Art movement of Dali, Ernst and Apollinaire Surrealism
85%
City of the Tate Modern London
80%
Multimedia-artist, musician & performance artist, beatle-widow Yoko Ono
70%
Painted 'Girl with a Pearl Earring' Johannes Vermeer
68%
Painted 'Les Demoiselles d'Avignon' Pablo Picasso
56%
Art movement of Munch, Marc and Chagall Expressionism
46%
Renoir's first name Auguste
44%
Famous for paintings and illustrations of Moulin Rouge Henri Toulouse-Lautrec
38%
Famous for 'Fountain', a urinal placed on exhibit Marcel Duchamp
31%
Painted 'La Danse' Henri Matisse
27%
Architect of the Louvre Pyramid I.M.Pei
20%
Famous for photographing naked men and flowers in black&white Robert Mapplethorpe
10%
No matching quizzes found
Score Distribution
Percent of People with Each Score
Percentile by Number Answered
Your Score History
You have not taken this quiz